The collection and processing of field data : a CSIRO symposim /
Guardado en:
| Otros Autores: | , |
|---|---|
| Formato: | Libro |
| Idioma: | English |
| Publicado: |
New York :
Interscience,
1967.
|
| Etiquetas: |
Agregar Etiqueta
Sin Etiquetas, Sea el primero en etiquetar este registro!
|
| LEADER | 00538nam a22001575a 4500 | ||
|---|---|---|---|
| 001 | EUN.um002607 | ||
| 003 | AR-BaUNS | ||
| 005 | 20050623122850.0 | ||
| 008 | 041125s1967####xxua##########000#0#eng#d | ||
| 245 | 0 | 4 | |a The collection and processing of field data : |b a CSIRO symposim / |c E. F. Bradley, O. T. Denmead. |
| 260 | |a New York : |b Interscience, |c 1967. | ||
| 300 | |a 597 p. : |b ilus. ; |c 23 cm. | ||
| 700 | 1 | |a Bradley, E. F. |e edición. | |
| 700 | 1 | |a Denmead, O. T. |e edición. | |
| 082 | 0 | 4 | |a 001.6 |
| 859 | |a Ar-BaUNS |b BIB. CENTRAL - Sector C |h 001.6 |i B728 |p 57907/970 | ||
